[Event "Villa Ballester op 73rd"]
[Site "Buenos Aires"]
[Date "2024.01.20"]
[Round "3"]
[White "Dolezal, Cristian"]
[Black "Paternoste, Martin"]
[Result "1-0"]
[WhiteElo "2378"]
[BlackElo "2080"]
[PlyCount "61"]
[EventDate "2024.01.19"]
[EventType "swiss"]
[EventRounds "9"]
[EventCountry "ARG"]
[SourceTitle "CB06_2024"]
[SourceDate "2024.02.07"]
[SourceVersion "1"]
[SourceVersionDate "2024.02.07"]
[SourceQuality "1"]

1. d4 Nf6 2. Nc3 d5 3. Bf4 e6 4. Nb5 Na6 5. e3 Be7 6. Nf3 0-0 7. h3 c5 8. c3 Bd7 9. a4 Ne4 10. Nd2 f5 11. Be2 g5 12. Be5 Nb8 13. Nxe4 fxe4 14. Bc7 Qc8 15. Bg3 a6 16. Nc7 Ra7 17. dxc5 Rf5 18. Bg4 Bd8 19. Bxf5 Bxc7 20. Bxh7+ Kxh7 21. Qh5+ Kg7 22. Qxg5+ Kh7 23. 0-0 Nc6 24. f3 Bxg3 25. Qxg3 Be8 26. fxe4 Bg6 27. Qh4+ Kg8 28. Rf6 Qe8 29. Qh6 Ne7 30. Raf1 Ra8 31. R1f4 1-0

[Event "Buenos Aires La Porta Cup"]
[Site "Buenos Aires"]
[Date "2014.12.17"]
[Round "5"]
[White "Paternoste, Martin"]
[Black "Gaitan, Juan Manuel"]
[Result "0-1"]
[WhiteElo "2081"]
[BlackElo "2232"]
[PlyCount "36"]
[EventDate "2014.12.13"]
[EventType "swiss"]
[EventRounds "9"]
[EventCountry "ARG"]
[SourceTitle "EXT 2016"]
[Source "ChessBase"]
[SourceDate "2015.10.08"]
[SourceVersion "1"]
[SourceVersionDate "2015.10.08"]
[SourceQuality "1"]

1. b3 e5 2. Bb2 Nc6 3. e3 Nf6 4. Bb5 Bd6 5. Na3 a6 6. Be2 e4 7. Nc4 Be7 8. d3 d5 9. Nd2 0-0 10. h4 Bd6 11. dxe4 Nxe4 12. Nxe4 dxe4 13. Bc4 Qe7 14. Qh5 Ne5 15. Bd5 h6 16. f3 Kh7 17. Bxe4+ g6 18. Nh3 Bxh3 0-1

[Event "Buenos Aires Cup op"]
[Site "Buenos Aires"]
[Date "2013.12.02"]
[Round "7.4"]
[White "Paternoste, Martin"]
[Black "Aiduc, Leandro"]
[Result "1-0"]
[WhiteElo "2061"]
[BlackElo "1796"]
[PlyCount "119"]
[EventDate "2013.10.21"]
[EventType "swiss"]
[EventRounds "7"]
[EventCountry "ARG"]
[SourceTitle "EXT 2024"]
[Source "ChessBase"]
[SourceDate "2023.10.10"]
[SourceVersion "1"]
[SourceVersionDate "2023.10.10"]
[SourceQuality "1"]

1. d4 d5 2. c4 e6 3. Nc3 Nf6 4. Bg5 Be7 5. e3 h6 6. Bh4 Nbd7 7. Qc2 c5 8. Nf3 Nb6 9. dxc5 Bxc5 10. cxd5 Nbxd5 11. Bb5+ Kf8 12. Rd1 Qb6 13. 0-0 Nxc3 14. Qxc3 Nd5 15. Qc4 g5 16. e4 a6 17. Ba4 Qb4 18. Qxb4 Nxb4 19. Bg3 f6 20. Ne5 Kg7 21. a3 Nc6 22. Nd7 Ba7 23. Bc7 b5 24. Bc2 Nd4 25. Nb6 Bxb6 26. Bxb6 Nxc2 27. Rc1 Rb8 28. Bc7 Rb7 29. Rxc2 Kg6 30. Rd1 Rh7 31. Ba5 Bd7 32. Rd6 Ra7 33. Bb6 Rb7 34. b4 Rh8 35. Bc7 Bc8 36. f3 h5 37. Kf2 h4 38. Ke3 Rh7 39. Ba5 Rb8 40. Rd8 Rd7 41. Rdxc8 Rxc8 42. Rxc8 Rd1 43. Rg8+ Kf7 44. Rd8 Ra1 45. Rd3 Ra2 46. Rd2 Rxa3+ 47. Kd4 Kg6 48. Kc5 f5 49. e5 Re3 50. Kd6 g4 51. fxg4 fxg4 52. Kxe6 g3 53. hxg3 hxg3 54. Bd8 Re4 55. Rd3 Rxb4 56. Rxg3+ Kh5 57. Kf5 Kh6 58. Bf6 Kh7 59. Rh3+ Kg8 60. Rh8+ 1-0

[Event "Buenos Aires Duchamp Memorial op 4th"]
[Site "Buenos Aires"]
[Date "2012.10.31"]
[Round "9"]
[White "Sosa, Tomas Sebastian"]
[Black "Paternoste, Martin"]
[Result "1-0"]
[WhiteElo "2172"]
[BlackElo "2065"]
[PlyCount "81"]
[EventDate "2012.10.22"]
[EventType "swiss"]
[EventRounds "9"]
[EventCountry "ARG"]
[SourceTitle "EXT 2013"]
[Source "ChessBase"]
[SourceDate "2012.11.22"]
[SourceVersion "1"]
[SourceVersionDate "2012.11.22"]
[SourceQuality "1"]

1. e4 d6 2. d4 Nf6 3. Nc3 g6 4. f3 Nbd7 5. Be3 c6 6. Qd2 b5 7. a4 b4 8. Nce2 a5 9. g4 Nb6 10. b3 Qc7 11. Rc1 e5 12. Bg2 Be6 13. g5 Nh5 14. Ng3 d5 15. Nxh5 gxh5 16. dxe5 dxe4 17. f4 Rd8 18. Qf2 Nd5 19. Ne2 c5 20. 0-0 c4 21. Bd4 e3 22. Qh4 Bg4 23. Bf3 Bc5 24. Bxg4 hxg4 25. Bxc5 Qxc5 26. Rce1 Nc3 27. g6 fxg6 28. Qf6 Kd7 29. e6+ Kc8 30. e7 Nxe2+ 31. Rxe2 Rde8 32. Qe6+ Kc7 33. Rxe3 Rhg8 34. Rd1 cxb3 35. cxb3 h5 36. Rd5 Qc6 37. Qe5+ Kb7 38. Rb5+ Ka8 39. Rxa5+ Kb7 40. Rb5+ Ka8 41. Rc5 1-0

[Event "Buenos Aires-B"]
[Site "Buenos Aires"]
[Date "2012.02.09"]
[Round "7"]
[White "Preuss, Maximiliano"]
[Black "Paternoste, Martin"]
[Result "1/2-1/2"]
[WhiteElo "2186"]
[BlackElo "2052"]
[PlyCount "25"]
[EventDate "2012.02.06"]
[EventType "tourn"]
[EventRounds "9"]
[EventCountry "ARG"]
[SourceTitle "EXT 2014"]
[Source "ChessBase"]
[SourceDate "2013.11.20"]
[SourceVersion "1"]
[SourceVersionDate "2013.11.20"]
[SourceQuality "1"]

1. e4 d6 2. d4 Nf6 3. Nc3 g6 4. Bg5 Bg7 5. f4 h6 6. Bh4 a6 7. Nf3 Bg4 8. Bd3 Nc6 9. d5 Nd4 10. Bf2 c5 11. dxc6 Bxf3 12. gxf3 Nxc6 13. Qd2 1/2-1/2

[Event "Buenos Aires-C"]
[Site "Buenos Aires"]
[Date "2012.02.01"]
[Round "4"]
[White "De Luca, Christian"]
[Black "Paternoste, Martin"]
[Result "0-1"]
[WhiteElo "2091"]
[BlackElo "2052"]
[PlyCount "108"]
[EventDate "2012.01.30"]
[EventType "tourn"]
[EventRounds "8"]
[EventCountry "ARG"]
[SourceTitle "EXT 2014"]
[Source "ChessBase"]
[SourceDate "2013.11.20"]
[SourceVersion "1"]
[SourceVersionDate "2013.11.20"]
[SourceQuality "1"]

1. Nf3 Nf6 2. c4 e6 3. b3 b6 4. Bb2 Bb7 5. e3 Be7 6. Be2 0-0 7. 0-0 d5 8. Ne5 Nbd7 9. f4 c5 10. Bf3 Qc7 11. Nc3 Rad8 12. cxd5 Nxe5 13. fxe5 Nxd5 14. Nxd5 Bxd5 15. d4 Bg5 16. Qe2 cxd4 17. exd4 Bxf3 18. Rxf3 Rd5 19. Raf1 Qd7 20. Rg3 Bd8 21. Rf6 Rxd4 22. Bxd4 Qxd4+ 23. Rf2 Bh4 24. Rgf3 Bxf2+ 25. Rxf2 Rd8 26. h3 Qd1+ 27. Qxd1 Rxd1+ 28. Kh2 Re1 29. Rc2 g6 30. Rc8+ Kg7 31. Rc7 a5 32. Rb7 Rxe5 33. Rxb6 h5 34. Kg3 f5 35. h4 Kf6 36. a4 Rd5 37. Kf3 Ke5 38. g3 Rc5 39. Rb7 Rc3+ 40. Kf2 Ke4 41. Rb5 Rc2+ 42. Kf1 Kf3 43. Ke1 Re2+ 44. Kd1 Re3 45. Kc2 Kxg3 46. Rxa5 Re4 47. Rc5 f4 48. Rg5+ Kxh4 49. Rxg6 f3 50. a5 f2 51. Rf6 Kg3 52. Rxf2 Kxf2 53. a6 Re2+ 54. Kc1 Ra2 0-1

[Event "Buenos Aires-C"]
[Site "Buenos Aires"]
[Date "2012.01.31"]
[Round "3"]
[White "Paternoste, Martin"]
[Black "Larsen, Alfonso Diego"]
[Result "1-0"]
[WhiteElo "2052"]
[BlackElo "2049"]
[PlyCount "61"]
[EventDate "2012.01.30"]
[EventType "tourn"]
[EventRounds "8"]
[EventCountry "ARG"]
[SourceTitle "EXT 2014"]
[Source "ChessBase"]
[SourceDate "2013.11.20"]
[SourceVersion "1"]
[SourceVersionDate "2013.11.20"]
[SourceQuality "1"]

1. c4 Nf6 2. Nc3 e6 3. e4 c5 4. e5 Ng8 5. Nf3 Nc6 6. d4 cxd4 7. Nxd4 Nxe5 8. Ndb5 d6 9. Ne4 d5 10. cxd5 exd5 11. Qh5 Nc6 12. Bf4 dxe4 13. Nc7+ Qxc7 14. Bxc7 Bb4+ 15. Kd1 Nge7 16. Rc1 Bg4+ 17. Be2 b5 18. Qxb5 a6 19. Qa4 Bd7 20. a3 Ra7 21. Bb6 Rb7 22. Qxa6 Bc8 23. Qb5 Rd7+ 24. Kc2 0-0 25. axb4 Ba6 26. Qxa6 Nxb4+ 27. Kb1 Nxa6 28. Bxa6 Nd5 29. Be3 Nb4 30. Bc8 Rdd8 31. Bc5 1-0

[Event "Buenos Aires CC Argentino"]
[Site "Buenos Aires"]
[Date "2010.03.29"]
[Round "6"]
[White "Paternoste, Martin"]
[Black "Cori Quispe, Kevin Joel"]
[Result "1-0"]
[WhiteElo "1995"]
[BlackElo "1868"]
[PlyCount "53"]
[EventDate "2010.03.15"]
[EventType "tourn"]
[EventRounds "11"]
[EventCountry "ARG"]
[SourceTitle "EXT 2019"]
[Source "ChessBase"]
[SourceDate "2018.10.10"]
[SourceVersion "1"]
[SourceVersionDate "2018.10.10"]
[SourceQuality "1"]

1. Nf3 Nf6 2. c4 g6 3. g3 Bg7 4. Bg2 e6 5. Nc3 d5 6. 0-0 0-0 7. d4 c6 8. Ne5 Nbd7 9. f4 Qc7 10. b3 b6 11. e4 dxe4 12. g4 Rd8 13. g5 Ne8 14. Nxc6 Qxc6 15. Bxe4 Qc7 16. Bxa8 Ba6 17. Bg2 Nc5 18. Be3 e5 19. Nd5 Qd7 20. dxc5 exf4 21. Bd4 bxc5 22. Bxg7 Kxg7 23. Rxf4 Qe6 24. Qe1 Qd6 25. Qc3+ Kg8 26. Raf1 Rd7 27. Re4 1-0

[Event "Willy Kipper Memorial"]
[Site "Buenos Aires"]
[Date "2009.03.15"]
[Round "3"]
[White "Preuss, Maximiliano"]
[Black "Paternoste, Martin"]
[Result "1/2-1/2"]
[WhiteElo "2114"]
[BlackElo "2041"]
[PlyCount "49"]
[EventDate "2009.03.14"]
[EventType "tourn"]
[EventRounds "9"]
[EventCountry "ARG"]
[SourceTitle "CBM 129 Extra"]
[Source "ChessBase"]
[SourceDate "2009.05.05"]
[SourceVersion "2"]
[SourceVersionDate "2009.05.20"]
[SourceQuality "1"]

1. e4 c5 2. Nf3 d6 3. d4 cxd4 4. Nxd4 Nf6 5. Nc3 a6 6. Bg5 e6 7. f4 Be7 8. Qf3 Nc6 9. Nb3 Qc7 10. Bd3 b5 11. 0-0 Bb7 12. Rae1 0-0 13. Qh3 Nb4 14. e5 Nxd3 15. cxd3 Nd5 16. Ne4 dxe5 17. Bxe7 Nxe7 18. fxe5 Bxe4 19. Rxe4 a5 20. d4 Qc2 21. Nc5 Nf5 22. Qc3 Qxc3 23. bxc3 b4 24. g4 Ne7 25. c4 1/2-1/2

[Event "Willy Kipper Memorial"]
[Site "Buenos Aires"]
[Date "2009.03.14"]
[Round "1"]
[White "Restuccia, Francisco"]
[Black "Paternoste, Martin"]
[Result "1-0"]
[WhiteElo "2114"]
[BlackElo "2041"]
[PlyCount "56"]
[EventDate "2009.03.14"]
[EventType "tourn"]
[EventRounds "9"]
[EventCountry "ARG"]
[SourceTitle "CBM 129 Extra"]
[Source "ChessBase"]
[SourceDate "2009.05.05"]
[SourceVersion "2"]
[SourceVersionDate "2009.05.20"]
[SourceQuality "1"]

1. e4 e6 2. d4 d5 3. exd5 exd5 4. Nf3 Nf6 5. c4 Bb4+ 6. Nc3 0-0 7. a3 Bxc3+ 8. bxc3 Ne4 9. Qb3 Re8 10. Be3 Nd7 11. Be2 Ndf6 12. Ne5 c5 13. 0-0 cxd4 14. cxd4 dxc4 15. Bxc4 Be6 16. Bxe6 Rxe6 17. Qxb7 Nd6 18. Qf3 Nfe4 19. Nc6 Qd7 20. d5 Rf6 21. Qd1 Nc3 22. Qd3 Nde4 23. f3 Ng3 24. hxg3 Rxc6 25. Rac1 Rac8 26. Rc2 Nxd5 27. Rxc6 Rxc6 28. Rd1 Rc3 1-0